000 00747nam a2200229Ia 4500
003 BUBTL
008 151213s9999 xx 000 0 und d
020 _a9788131703908
082 _a332/ F113f/ 2002
100 _aFabozzi, Frank J.
245 _aFoundations of Financial Markets and Institutions:
_cFrank J. Fabozzi, Franco Modigliani and Frank J. Jones and Michael G. Ferri
250 _a3rd
260 _aIndia
_bPearson
_cc2002
300 _a[xxiii], 663p . :
_bill. Table ; 24cm .
500 _aIncludes Index .
650 _aFinance
650 _aFinance
_94397
700 _aFranco Modigliani and Frank J. Jones and Michael G. Ferr
_91933
856 _k0
_l0
_yDownload
942 _2ddc
_cBK
999 _c5009
_d5009